अकबर बिरबल (Record no. 67717)

MARC details
000 -LEADER
fixed length control field 00304nam a2200121Ia 4500
008 - FIXED-LENGTH DATA ELEMENTS--GENERAL INFORMATION
fixed length control field 090123s9999 xx 000 0 und d
082 ## - DEWEY DECIMAL CLASSIFICATION NUMBER
Item number 30837
245 ## - TITLE STATEMENT
Title अकबर बिरबल
250 ## - EDITION STATEMENT
Edition statement 0
630 ## - SUBJECT ADDED ENTRY--UNIFORM TITLE
Uniform title अकबर बिरबल
730 ## - ADDED ENTRY--UNIFORM TITLE
Uniform title अकबर बिरबल
942 ## - ADDED ENTRY ELEMENTS (KOHA)
Koha item type Book
Holdings
Withdrawn status Lost status Damaged status Not for loan Home library Current library Date acquired Cost, normal purchase price Total Checkouts Full call number Barcode Date last seen Cost, replacement price Price effective from Koha item type
        Jawahar Wachalanalaya, Kalwa Jawahar Wachalanalaya, Kalwa 03/31/2002 20.00   30837 KLW-30837 01/23/2009 20.00 01/23/2009 Book